| 000 | 01559cam a2200241 a 4500 | ||
|---|---|---|---|
| 001 | 12136035 | ||
| 003 | OSt | ||
| 005 | 20200923110845.0 | ||
| 008 | 000809s2000 ck b 000 0bspa | ||
| 040 |
_aDLC _cDLC |
||
| 082 | 0 | 4 |
_a986.1061092 / _bP944n _223 |
| 100 | 1 |
_aPérez Escobar, Jacobo. _eautor _910704 |
|
| 245 | 1 | 3 |
_aEl negro Robles y su época / _cJacobo Pérez Escobar. |
| 260 |
_aSantafé de Bógota, D.C., Colombia : _bCentro para la Investigación de la Cultura Negra, _cc2000. |
||
| 300 |
_a272 páginas ; _c23 cm. |
||
| 504 | _aBibliografía: páginas 265-267. | ||
| 505 | 0 | _aProlegómenos de una vida eximia. -- Iniciación en la vida pública. -- Dictadura del general riasco y guerra civil en el magdalena. -- Robles, ministro de estado. -- Guerra religiosa de 1876. -- El estado soberano del magdalena bajo la presencia de Robles. -- Robles y Campo Serrano. -- Rafael Núñez y el radicalismo. -- Revolución 1885. -- Transformación política de 1886. -- Las libertades públicas y la regeneración. -- Robles, único vocero del liberalismo en el congreso. -- Escándalo y persecución por los dineros del fondo liberal. -- El banco nacional y las emisiones clandestinas. -- Duelo nacionalista. -- Un perseguido honrado por Nicaragua. -- Postrimerías de una vida. -- Apoteosis nacional ante una tumba. | |
| 600 | 1 | 0 |
_aRobles, Luis Antonio, _d1849-1899. _910705 |
| 650 | 2 | 4 |
_aPolíticos _zColombia _xHistoria _910706 |
| 650 | 2 | 4 |
_aPolítica y gobierno _zColombia _97461 |
| 650 | 2 | 4 |
_aOficiales de gabinete _zColombia _910707 |
| 942 |
_2ddc _cBK |
||
| 999 |
_c6875 _d6875 |
||